<?xml version="1.0" encoding="UTF-8"?>
<resp>
  <nextPage>https://data.bn.org.pl/api/networks/bibs.marcxml?marc=001+b00001150001973&amp;sinceId=1150001974</nextPage>
  <collection>
    <record xmlns='http://www.loc.gov/MARC21/slim'><leader>00984namZa2200301ZiZ4500</leader><controlfield tag='001'>b00001150001973</controlfield><controlfield tag='005'>20260401103538.9</controlfield><controlfield tag='008'>230609s        pl           |000 0 pol c</controlfield><controlfield tag='009'>9913261924005606</controlfield><datafield ind1=' ' ind2=' ' tag='020'><subfield code='a'>8386851864</subfield></datafield><datafield ind1=' ' ind2=' ' tag='035'><subfield code='a'>KR_1KR_1_20120317230005013958-48omnis_kr</subfield></datafield><datafield ind1=' ' ind2=' ' tag='035'><subfield code='a'>KR_1_20120317230005013958</subfield><subfield code='9'>ExL</subfield></datafield><datafield ind1=' ' ind2=' ' tag='035'><subfield code='a'>(PL)b00001150001973</subfield></datafield><datafield ind1=' ' ind2=' ' tag='040'><subfield code='a'>KR_1</subfield><subfield code='c'>KR_1</subfield></datafield><datafield ind1='0' ind2=' ' tag='041'><subfield code='a'>pol</subfield></datafield><datafield ind1='0' ind2='0' tag='245'><subfield code='a'>Nie tylko sałatki siostry Leonilli /</subfield><subfield code='c'>[oprac. Krystyna Kaźmierczak].</subfield></datafield><datafield ind1=' ' ind2=' ' tag='260'><subfield code='a'>Warszawa :</subfield><subfield code='b'>Wydawnictwo Sióstr Loretanek,</subfield><subfield code='c'>2007.</subfield></datafield><datafield ind1=' ' ind2=' ' tag='300'><subfield code='a'>128 s. :</subfield><subfield code='b'>il. ;</subfield><subfield code='c'>18 cm.</subfield></datafield><datafield ind1='1' ind2=' ' tag='490'><subfield code='a'>Porady Kulinarne w Radiu Maryja</subfield></datafield><datafield ind1=' ' ind2=' ' tag='500'><subfield code='a'>n</subfield></datafield><datafield ind1=' ' ind2='9' tag='650'><subfield code='a'>Surówki i sałatki</subfield></datafield><datafield ind1='1' ind2=' ' tag='700'><subfield code='a'>Kaźmierczak, Krystyna</subfield><subfield code='e'>Opracowanie</subfield></datafield><datafield ind1=' ' ind2=' ' tag='852'><subfield code='b'>48OMNIS_NETWORK</subfield><subfield code='8'>9913261924005606</subfield></datafield><datafield ind1=' ' ind2=' ' tag='852'><subfield code='b'>48OMNIS_KR</subfield><subfield code='8'>991000019729708216</subfield></datafield><datafield ind1=' ' ind2=' ' tag='852'><subfield code='8'>2210638840008216</subfield><subfield code='j'>1</subfield><subfield code='b'>KR_2_2</subfield><subfield code='p'>KR_2_20000653</subfield><subfield code='c'>KR_2_2_1</subfield></datafield><datafield ind1=' ' ind2=' ' tag='920'><subfield code='a'>83-86851-86-4</subfield></datafield></record>
  </collection>
</resp>
